LIBRARY & INFORMATION CENTRE, KCAET, TAVANUR

ONLINE PUBLIC ACCESS CATALOGUE (OPAC)

Far east / (Record no. 6273)

MARC details
000 -LEADER
fixed length control field 00468cam a2200193ua 4500
041 ## - LANGUAGE CODE
Language code of text/sound track or separate title eng
082 ## - DEWEY DECIMAL CLASSIFICATION NUMBER
Classification number 950
Item number CLY/FA
100 ## - MAIN ENTRY--AUTHOR NAME
Personal name Clyde, Paul H .
245 ## - TITLE STATEMENT
Title Far east /
250 ## - EDITION STATEMENT
Edition statement 4 /
260 ## - PUBLICATION, DISTRIBUTION, ETC. (IMPRINT)
Place of publication New Delhi :
Name of publisher Prentice Hall of India Pvt Ltd. ,
Year of publication 1966.
300 ## - PHYSICAL DESCRIPTION
Number of Pages 511 ; .
700 1# - ADDED ENTRY--PERSONAL NAME
Personal name Beers , Burton F .
942 ## - ADDED ENTRY ELEMENTS (KOHA)
Koha item type Books
Holdings
Withdrawn status Lost status Damaged status Home library Current library Date acquired Full call number Accession Number Koha item type
Withdrawn     KAUAET KAUAET 07/04/2012 950 10813 Books
free website counter